000 00755nam a2200217Ia 4500
005 20230522103118.0
008 210716s1993 xx 000 0 und d
020 _a9789332549524
040 _cAIMIT LIBRARY
041 _aeng
082 _a004.65
_22
_bBLAU
100 _aBlack, Uyless.
_9110009
245 _aComputer networks:
_bProtocols standards and interfaces /
_cBy Uyless Black.
250 _a2nd ed.
260 _aNew Delhi :
_bPHI Learning Pvt Ltd ,
_c2015.
300 _axii,436p. ;
_bPB
_c23 cm.
650 _aCommunication between and among computers and terminals
_9110010
650 _aLayered protocols networks and the OSI model
_9110011
650 _aSwitching and routing in networks
_9110012
942 _2ddc
_cBK
_e2nd
_k004.65 BLAU
999 _c195067
_d195067